Statistiques concernant 15 principaux pays touchés par Covid-19 - 27 avril 2022

Cliquez ici pour prendre le quiz!

Statistiques générales

  • Ce quiz a été pris 18 fois
  • Le résultat moyen est 17 sur 29

Statistiques - réponses

pays% Correct
Espagne
100%
États-Unis
100%
Italie
100%
Royaume-Uni
100%
Russie
100%
France
94%
Allemagne
88%
Brésil
88%
Inde
88%
Japon
82%
Belgique
76%
Argentine
71%
Pays-Bas
71%
Pays-Bas
71%
Autriche
59%
Corée du Sud
59%
Portugal
59%
Danemark
53%
Suisse
53%
Turquie
53%
Lituanie
29%
Slovénie
29%
Lettonie
24%
Viêt Nam
24%
Estonie
18%
Tchèquie
18%
Israël
12%
Chypre
6%
Géorgie
6%

Distribution des résultats

Percentile par nombre de réponses

% des personnes avec chaque résultat

Votre développement - résultats

Vous n’avez pas pris ce quiz